000 00582nam a2200253Ia 4500
008 210210b2016 xxu||||| |||| 00| 0 eng d
020 _a9788174468956
041 _aeng
082 _a658.3 RAOH
100 _aRAO (V S P)
245 _aHuman resource management: Text and cases Ed 3
250 _a
260 _aBangalore
_bExcel Books
_c2016
300 _axx,839
650 _aText
650 _aresource
650 _amanagement:
650 _aHuman
650 _aEd
650 _acases
650 _a3
690 _aHuman Resource Management
906 _a072085
999 _c122093
_d122093